Statistics for 10 Busiest Domestic Air Routes in the World

Click here to take the quiz!

General Stats

  • This quiz has been taken 355 times
    (324 since last reset)
  • The average score is 14 of 16

Answer Stats

Answer% Correct
Seoul (Gimpo)
100%
Tokyo
99%
Beijing
98%
Sydney
97%
Cape Town
96%
Melbourne
96%
Osaka
95%
Rio de Janeiro
95%
Shanghai
95%
Johannesburg
92%
Sao Paulo
91%
Brisbane
87%
Sapporo
78%
Jeju
64%
Fukuoka
60%
Okinawa
51%

Score Distribution

Percentile by Number Answered

Percent of People with Each Score

Your Score History

You have not taken this quiz since the last reset